Training Notes On Regional remote Sensing Service Centre Nagpur (Record no. 1854)

MARC details
000 -LEADER
fixed length control field 00306nam a22001217a 4500
041 ## - LANGUAGE CODE
Language code of text/sound track or separate title ENG
100 ## - MAIN ENTRY--PERSONAL NAME
Personal name Ridley,B.K
245 ## - TITLE STATEMENT
Title Training Notes On Regional remote Sensing Service Centre Nagpur
260 ## - PUBLICATION, DISTRIBUTION, ETC. (IMPRINT)
Place of publication, distribution, etc Satra
Name of publisher, distributor, etc Dagadl Shailesh hijada
Date of publication, distribution, etc 1996
300 ## - PHYSICAL DESCRIPTION
Extent 128
650 ## - SUBJECT ADDED ENTRY--TOPICAL TERM
Topical term or geographic name as entry element SWCE
856 ## - ELECTRONIC LOCATION AND ACCESS
Uniform Resource Identifier SWCE ( 24 )
Holdings
Withdrawn status Lost status Source of classification or shelving scheme Damaged status Not for loan Home library Current library Shelving location Date acquired Total Checkouts Barcode Date last seen Price effective from Koha item type
    Dewey Decimal Classification     College of Agricultural Engineering and Technology, Dapoli , Library College of Agricultural Engineering and Technology, Dapoli , Library Book Cart 04/10/2021   003293 04/10/2021 04/10/2021 Books

Contact Us: College of Agricultural Engineering and Technology, Dapoli, Dist.- Ratnagiri
Website: https://dbskkv.org Email: caetlibrary2015@gmail.com